000 00727nam0a22002411 4500
001 rc\1130953
005 20250622190724.0
035 _a(NLR Aleph) 006372528
090 _a5010189
_c5010189
100 _a20041126d1981 |||y0rusy50 ca
101 0 _arus
102 _aRU
105 _aa |||||||||
200 1 _aФантазеры
_fН. Носов
_gРис. Г. Валька
210 _aМ.
_cДет. лит.
_d1981
215 _a32 с.
_cил.
_d23
225 1 _aШкольная библиотека
_eДля нач. школы
700 1 _aНосов
_bН.Н.
_f1908-1976
_gНиколай Николаевич
801 0 _aRU
_bNLR
_gpsbo
801 1 _aRU
_bELAR
_2rusmarc
852 _aNLR
_j81-7/1207
942 _cBOOK
980 _aNB